| 000 | 00370nam a2200097Ia 4500 | ||
|---|---|---|---|
| 008 | 180130s9999 xx 000 0 und d | ||
| 245 |
_cSun, Hailing; Su, Tianbao _aProject cost prediction model based on fuzzy theory |
||
| 260 | _c2015 | ||
| 300 | _aBook title: Industrial project management--Acession number C20535; pages 215-230 | ||
| 650 | _aPROJECT MANAGEMENT--INDUSTRIAL | ||
| 999 |
_c354244 _d354244 |
||